000 01089nam a2200241Ia 4500
001 18900
003 GE_BSU
008 181216s||||||||xx |||||||||||||| ||und||
040 _cGE_BSU
080 _a7
100 _aლესინგი, გოტჰოლდ ეფრაიმ
245 _aლაოკოონი ანუ მხატვრობისა და პოეზიის საზღვრების შესახებ
245 _cგერმ.თარგმნ.,ნარკვევი და კომენტ. დაურთო აკაკი გელოვანმა. მხატვ. ჯიბო ყავლაშვილი
260 _aთბილისი
260 _bხელოვნება
260 _c1986
300 _a221გვ.
541 _h7ლ. 25თ.
653 _aლაოკოონი ანუ მხატვრობისა და პოეზიის საზღვრების შესახებ
653 _aქსეროქსი
653 _aხელოვნება
942 _cBK
999 _c51900
_d51900